| 000 | 00771nam a22002177a 4500 | ||
|---|---|---|---|
| 005 | 20140911123644.0 | ||
| 010 | _aENG-110826 | ||
| 020 |
_a9788189630515 _c995.00 |
||
| 035 | _aEN-94358 | ||
| 037 | _bDBAD/PUB | ||
| 082 | _a362.10954 | ||
| 245 |
_aUnderstanding health : _cedited by Sujit Kumar Mishra, Prajna Paramita Mishra [and] S. Vijay Kumar _bapproaches and issues / |
||
| 260 |
_aNew Delhi _bGlobal Research Publications _c2013 |
||
| 270 |
_a4800/24, 1st floor, Ansari Road, Daryaganj _bNew Delhi _e110002 |
||
| 300 |
_axvi,311p. _c22cm(Hb) |
||
| 500 | _aIncludes bibliographical references and index | ||
| 700 | _aMishra, Sujit Kumar | ||
| 700 | _aMishra, Prajna Paramita | ||
| 700 | _aVijay Kumar, S. | ||
| 942 |
_2ddc _cEN _mUND _h362.10954 |
||
| 999 |
_c88539 _d88539 |
||